| 000 | 00652nam a2200229Ia 4500 | ||
|---|---|---|---|
| 008 | 180523s9999 xx 000 0 und d | ||
| 020 | _a0-7817-7019-X | ||
| 050 | _aMAIN RT 48.6 | ||
| 050 | _b.C37 2006 | ||
| 100 | _aCarpenito-Moyet, Lynda Juall. | ||
| 245 | 0 | _aNursing diagnosis : | |
| 245 | 0 | _bapplication to clinical practice / | |
| 245 | 0 | _cLynda Juall Carpenito-Moyet. | |
| 250 | _a11th Edition | ||
| 260 | _aPhiladelphia : | ||
| 260 | _bLippincott Williams & Wilkins, | ||
| 260 | _c2006 | ||
| 300 | _a1002 pages : | ||
| 300 | _c26 cm. | ||
| 500 | _aIncludes bibliographical references and index. | ||
| 650 | _aNursing diagnosis. | ||
| 999 |
_c357674 _d357674 |
||